| 000 | 00441nam a2200181u 4500 | ||
|---|---|---|---|
| 008 | 080212|||||||||||||||||||||||||||||eng|u | ||
| 020 | _a0412388804 | ||
| 100 | 1 | _aBarker, Philip J. | |
| 245 | 1 | 0 |
_aSevere depression _bA pracitioner's guide _cPhilip J. Barker |
| 250 | _as ed. | ||
| 260 |
_aLondon _bChapman & Hall _c1992 |
||
| 300 | _a281p. | ||
| 650 | 4 | _aPsiquiatria | |
| 961 | w | l | _t12 |
| 961 | w | l | _t12 |
| 999 |
_c1059 _d1059 |
||